Chefs-d'ceuvre de l'art presente grands peintres : Hals

Na minha lista:
Detalhes bibliográficos
Formato: Livro
Idioma:Undetermined
Publicado em: Paris 1966
Assuntos:
Tags: Adicionar Tag
Sem tags, seja o primeiro a adicionar uma tag!
Thư viện lưu trữ: Trung tâm Học liệu Trường Đại học Cần Thơ
LEADER 00419nam a2200157Ia 4500
001 CTU_111996
008 210402s9999 xx 000 0 und d
082 |a 759 
082 |b C515 
245 0 |a Chefs-d'ceuvre de l'art presente grands peintres : 
245 0 |b Hals 
260 |a Paris 
260 |c 1966 
650 |a Painting and paintings 
650 |z France 
980 |a Trung tâm Học liệu Trường Đại học Cần Thơ